Loading...
| Mythology | 0 | 5 | 1 | 0 | 45 | 33 | 74.80 | 1 | 3 | 20.87 | 39.45 |
| Science - Other | 0 | 4 | 0 | 0 | 40 | 50 | 82.50 | 2 | 3 | 14.02 | 32.00 |
| Science - Physics | 0 | 3 | 1 | 1 | 25 | 84 | 97.00 | 0 | 0 | 6.36 | 16.09 |
| Philosophy | 0 | 3 | 1 | 0 | 25 | 66 | 76.00 | 1 | 3 | 9.59 | 24.27 |
| Religion | 0 | 3 | 1 | 0 | 25 | 64 | 80.33 | 2 | 3 | 10.75 | 29.00 |
| Science - Biology | 0 | 1 | 0 | 0 | 10 | 114 | 114.00 | 0 | 0 | 0.00 | 1.00 |
| Social Science | 0 | 1 | 0 | 0 | 10 | 89 | 89.00 | 0 | 1 | 3.26 | 8.00 |
| Literature - British | 0 | 1 | 0 | 0 | 10 | 93 | 93.00 | 0 | 1 | 3.06 | 7.00 |
| Literature - European | 0 | 1 | 0 | 0 | 10 | 112 | 112.00 | 0 | 0 | 1.82 | 2.00 |
| Other Academic | 0 | 1 | 0 | 1 | 10 | 124 | 124.00 | 0 | 0 | 0.27 | 9.09 |
| Popular Culture | 0 | 1 | 0 | 0 | 10 | 63 | 63.00 | 0 | 0 | 28.57 | 31.82 |
| Literature - World | 0 | 0 | 1 | 0 | -5 | 0.00 | 0 | 0 | 0.00 | 0.00 | |
| History - World | 0 | 0 | 1 | 0 | -5 | 0.00 | 0 | 0 | 0.00 | 0.00 | |
| Fine Arts - Painting and Sculpture | 0 | 0 | 1 | 0 | -5 | 0.00 | 0 | 0 | 0.00 | 0.00 |